| 000 | 00678cab a2200229 4500 | ||
|---|---|---|---|
| 001 | WB2907-08 | ||
| 008 | 090401t1993 xxu||||| |||| 00| 0 eng d | ||
| 035 | _a(Sirsi) u54401 | ||
| 041 | _aeng | ||
| 245 | _aStadium dependent on Olympic bid | ||
| 260 | _c1993 | ||
| 350 | _a0 | ||
| 490 |
_aBuilding _v258(7782) 19 February 1993, 10(1) |
||
| 520 | _aPlans to build a £170m sports stadium are dependent upon Manchester winning the bid to host the 2000 Olympic Games. | ||
| 650 | _aMANCHESTER | ||
| 650 | _aMANCHESTER 2000 OLYMPIC BID | ||
| 650 | _aOLYMPIC GAMES 2000 | ||
| 650 | _aSPORTS STADIUM | ||
| 690 | _aBUILT ENVIRONMENT | ||
| 942 | _n0 | ||
| 948 | _c04/03/1997 | ||
| 999 |
_c33346 _d33346 |
||